000 00691nam a2200217 4500
003 OSt
005 20260601171007.0
008 260417b1971\\\\mx\a||||\||||\00|\0\spa\d
040 _aICI
_bspa
_cICI
050 4 _aTA166
_bM637
100 1 _aMontmollin, Maurice De
_d1926,
_932538
245 1 _a Introducción a la ergonomía :
_blos sistemas hombres-máquinas /
_cMaurice de Montmollin ; versión española de Ana María Bravo
264 _bAguilar,
_c1971
_aMadrid :
300 _a210 páginas
336 _atexto
_2rdacontent
337 _asin medio
_2rdamedia
338 _avolumen
_2rdacarrier
490 0 _aColección psicología y educación
650 4 _aErgonomía
942 _2lcc
_cB
999 _c20348
_d20348